Načítá se...

Krishna mere paryay /

Podrobná bibliografie
Hlavní autor: Mohan Nirash
Médium: Printed Book
Jazyk:Hindi
Vydáno: Delhi : N P H , 1971.
LEADER 00418nam a2200145Ia 4500
008 150624b xxu||||| |||| 00| | hin d
082 |a H 
100 |a Mohan Nirash 
245 |c Mohan Nirash  |a Krishna mere paryay / 
260 |a Delhi :  |b N P H ,  |c 1971. 
300 |a 87 p. 
546 |a In Hindi. 
942 |c BK 
999 |c 90763  |d 90763 
952 |0 0  |1 0  |4 0  |6 H  |7 0  |9 90705  |a UL  |b UL  |c ST2  |d 1998-09-15  |l 0  |o H   |p 32424  |r 2012-10-27  |w 2012-10-27  |y BK